| 000 | 02177nam2a2200277 4500 | ||
|---|---|---|---|
| 001 | RU\NLR\BIBL_A\022717943 | ||
| 005 | 20260311115259.0 | ||
| 010 |
_a978-5-6050376-3-7 _9500 |
||
| 021 |
_aRU _bКН-П-25-075291 _9КН-П-25-7307 |
||
| 035 | _a(NLR Aleph) 022717943 | ||
| 090 |
_a13546413 _c13546413 |
||
| 100 | _a20260204d2025 k y0rusy50 ca | ||
| 101 | 0 | _arus | |
| 102 | _aRU | ||
| 105 | _aah b 100yd | ||
| 200 | 1 | _aСтрасти по Казимиру: Малевич и его влияние на искусство второй половины XX века | |
| 210 | _d2025 | ||
| 215 |
_a[3], 24, [2] с. _cил., цв. ил., факс. |
||
| 461 | 0 |
_1001RU\NLR\BIBL_A\022717892 _12001#$aРазговоры на бумаге$e[о наследии русского авангарда и о неофициальном искусстве 1970-1980-х на страницах журнала "А-Я"$eк выставке "Путь к авангарду: диалоги художников в журнале "А-Я", 4 сентября 2025 - 18 января 2026$eкаталог$eв семи тетрадях$fсоставители: Ирина Горлова, Анна Замрий]$v№ 4 _913633004 _cМосква _d2025- _fсоставители: Ирина Горлова, Анна Замрий] _nЦентр "Зотов" _o[о наследии русского авангарда и о неофициальном искусстве 1970-1980-х на страницах журнала "А-Я" : к выставке "Путь к авангарду: диалоги художников в журнале "А-Я", 4 сентября 2025 - 18 января 2026 : каталог : в семи тетрадях _tРазговоры на бумаге _v№ 4 |
|
| 600 | 1 |
_aМалевич _bК.С. _f1878 - 1935 _gКазимир Северинович _91198982 _3RU\NLR\AUTH\66485030 |
|
| 686 | 1 | _aЩ143(2Р=Рус)7-8Малевич | |
| 702 | 1 |
_4280 _7ca _8rus _aМалевич _bК. С. _cхудожник _f1878-1935 _gКазимир Северинович _981318 _3RU\NLR\AUTH\7798392 |
|
| 942 | _cBOOK | ||
| 980 | _aNB | ||